[Event "CZE Czechia-ch U16"]
[Site "Harrachov"]
[Date "2009.10.29"]
[Round "7"]
[White "Zvara, David"]
[Black "Rozsafny, Michal"]
[Result "0-1"]
[WhiteElo "1899"]
[BlackElo "1730"]
[PlyCount "40"]
[EventDate "2009.10.24"]
[EventType "swiss"]
[EventRounds "9"]
[EventCountry "CZE"]
[SourceTitle "EXT 2012"]
[Source "ChessBase"]
[SourceDate "2011.11.24"]
[SourceVersion "1"]
[SourceVersionDate "2011.11.24"]
[SourceQuality "1"]

1. e4 c6 2. d4 d5 3. exd5 cxd5 4. c4 dxc4 5. Bxc4 Nf6 6. Nf3 e6 7. 0-0 Bd6 8. Bg5 Nbd7 9. Nc3 a6 10. d5 Nb6 11. dxe6 Bxh2+ 12. Kxh2 Qxd1 13. exf7+ Ke7 14. Raxd1 Nxc4 15. b3 Nb6 16. Rfe1+ Kxf7 17. Ne5+ Kf8 18. Rd8+ Ne8 19. Ng6+ hxg6+ 20. Kg1 Bd7 0-1

[Event "CZE Czechia-ch U16"]
[Site "Harrachov"]
[Date "2009.10.25"]
[Round "2"]
[White "Chmel, Kristian"]
[Black "Rozsafny, Michal"]
[Result "1-0"]
[WhiteElo "1958"]
[BlackElo "1730"]
[PlyCount "67"]
[EventDate "2009.10.24"]
[EventType "swiss"]
[EventRounds "9"]
[EventCountry "CZE"]
[SourceTitle "EXT 2012"]
[Source "ChessBase"]
[SourceDate "2011.11.24"]
[SourceVersion "1"]
[SourceVersionDate "2011.11.24"]
[SourceQuality "1"]

1. e4 c6 2. d4 d5 3. exd5 cxd5 4. c3 Bf5 5. Qb3 Qd7 6. Nf3 Nc6 7. Bf4 a6 8. Na3 e6 9. Ne5 Nxe5 10. Bxe5 Ne7 11. Be2 Nc6 12. 0-0 Nxe5 13. dxe5 Bc5 14. c4 d4 15. Bd3 Bxd3 16. Qxd3 0-0 17. Nc2 f6 18. exf6 Rxf6 19. Rad1 e5 20. Ne3 Re6 21. Qe4 Rd8 22. Nd5 Qa4 23. b3 Qxa2 24. Rd3 Rd7 25. f4 Rf7 26. f5 Re8 27. Nf4 Qa5 28. Ne6 Bd6 29. Ng5 Rd7 30. Qg4 Kh8 31. Qh5 g6 32. fxg6 Ree7 33. Rf8+ Kg7 34. Qxh7+ 1-0

[Event "CZE-chTW U20 0910"]
[Site "Czech Republic"]
[Date "2009.10.04"]
[Round "3.5"]
[White "Johnova, Eliska"]
[Black "Rozsafny, Michal"]
[Result "1-0"]
[WhiteElo "1747"]
[BlackElo "1730"]
[PlyCount "117"]
[EventDate "2009.10.03"]
[EventType "team-tourn"]
[EventRounds "7"]
[EventCountry "CZE"]
[SourceTitle "EXT 2011"]
[Source "ChessBase"]
[SourceDate "2010.11.26"]
[SourceVersion "1"]
[SourceVersionDate "2010.11.26"]
[SourceQuality "1"]
[WhiteTeam "Horice (U20)"]
[BlackTeam "Udlice (U20)"]
[WhiteTeamCountry "CZE"]
[BlackTeamCountry "CZE"]

1. e4 c6 2. d4 d5 3. e5 Bf5 4. Nf3 e6 5. Bd3 Bxd3 6. Qxd3 Nd7 7. 0-0 c5 8. c3 c4 9. Qe2 Ne7 10. Bg5 Qb6 11. Na3 Ng6 12. Rab1 h6 13. Be3 Be7 14. Nc2 0-0 15. Nd2 Qa5 16. a3 b5 17. f4 Qb6 18. Qg4 a5 19. f5 exf5 20. Qxf5 Qe6 21. Qf2 f6 22. Qg3 fxe5 23. h3 Bh4 24. Qh2 Rxf1+ 25. Rxf1 Rf8 26. g3 Rxf1+ 27. Nxf1 Bf6 28. h4 Qg4 29. Qg2 e4 30. Ne1 Nb6 31. Nh2 Qe6 32. Qf2 Be7 33. h5 Nf8 34. Ng2 Bd6 35. Nf4 Qf5 36. g4 Qf6 37. Qd2 Ne6 38. Ng6 Nf8 39. g5 hxg5 40. Bxg5 Bxh2+ 41. Kxh2 Qf3 42. Nf4 e3 43. Qc2 Qg4 44. Qg2 Qxg2+ 45. Kxg2 Kf7 46. Kf3 Ne6 47. Nxe6 e2 48. Nd8+ Ke8 49. Kxe2 Na4 50. Nc6 Nxb2 51. Nxa5 Na4 52. Kd2 Kd7 53. Nb7 Nb6 54. Bf4 Ke6 55. Be5 Kf7 56. Nd6+ Kf8 57. Nxb5 Kf7 58. Nd6+ Kf8 59. Nf5 1-0

[Event "CZE-chTW U20 0910"]
[Site "Czech Republic"]
[Date "2009.10.03"]
[Round "2.5"]
[White "Rozsafny, Michal"]
[Black "Rydl, Jiri"]
[Result "1/2-1/2"]
[WhiteElo "1730"]
[BlackElo "1735"]
[PlyCount "125"]
[EventDate "2009.10.03"]
[EventType "team-tourn"]
[EventRounds "7"]
[EventCountry "CZE"]
[SourceTitle "EXT 2011"]
[Source "ChessBase"]
[SourceDate "2010.11.26"]
[SourceVersion "1"]
[SourceVersionDate "2010.11.26"]
[SourceQuality "1"]
[WhiteTeam "Udlice (U20)"]
[BlackTeam "Vlasim (U20)"]
[WhiteTeamCountry "CZE"]
[BlackTeamCountry "CZE"]

1. e4 e6 2. d4 d5 3. exd5 exd5 4. Nf3 Bd6 5. Bd3 Ne7 6. 0-0 0-0 7. c3 Bf5 8. Be3 f6 9. Re1 Bxd3 10. Qxd3 Qd7 11. Nbd2 Nbc6 12. Nf1 Rae8 13. Re2 Ng6 14. Rae1 a6 15. Bc1 Bf4 16. Rxe8 Rxe8 17. Rxe8+ Qxe8 18. Bxf4 Nxf4 19. Qf5 Ne2+ 20. Kh1 Kh8 21. Qxd5 Nf4 22. Qf5 Ng6 23. Ne3 Nce7 24. Qd3 Qb5 25. Qc2 Qc6 26. c4 b5 27. b3 Nc8 28. c5 Nce7 29. Nf5 Nd5 30. Qe4 Ngf4 31. g3 Nh3 32. Qe2 Nc3 33. Qe3 Nd1 34. Qe2 Nhxf2+ 35. Kg2 Qe4 36. Qxe4 Nxe4 37. c6 Ndc3 38. a3 Kg8 39. Ne3 Kf7 40. Ne1 g6 41. Nd3 Ke6 42. d5+ Nxd5 43. Nxd5 Kxd5 44. Nb4+ Kc5 45. Nxa6+ Kxc6 46. Nb4+ Kd6 47. a4 bxa4 48. bxa4 Kc5 49. a5 Kb5 50. a6 Kb6 51. Kf3 Nc3 52. Nd3 Kxa6 53. Nc5+ Kb5 54. Ne6 Kc6 55. Nf8 Kd5 56. Nxh7 Ne4 57. Nf8 g5 58. h4 gxh4 59. gxh4 c5 60. h5 Ng5+ 61. Ke3 Nf7 62. Nd7 f5 63. Nxc5 1/2-1/2

[Event "Jirasek Memorial op-B"]
[Site "Rakovnik"]
[Date "2009.08.11"]
[Round "5"]
[White "Ruzicka, Vaclav"]
[Black "Rozsafny, Michal"]
[Result "1/2-1/2"]
[WhiteElo "1706"]
[BlackElo "1743"]
[PlyCount "63"]
[EventDate "2009.08.08"]
[EventType "swiss"]
[EventRounds "9"]
[EventCountry "CZE"]
[SourceTitle "EXT 2010"]
[Source "ChessBase"]
[SourceDate "2010.11.25"]
[SourceVersion "1"]
[SourceVersionDate "2010.11.25"]
[SourceQuality "1"]

1. e4 c6 2. f4 d5 3. e5 Bf5 4. Nf3 e6 5. c3 Nd7 6. d4 Qb6 7. Bd3 Ne7 8. b4 Bxd3 9. Qxd3 Nf5 10. g4 Ne7 11. f5 exf5 12. gxf5 g6 13. e6 Nf6 14. exf7+ Kxf7 15. Ne5+ Kg7 16. Bg5 Qc7 17. fxg6 hxg6 18. Bxf6+ Kxf6 19. Rf1+ Nf5 20. Nxg6 Re8+ 21. Kd1 Rh5 22. Ne5 Qg7 23. Qf3 Qg5 24. Nd2 Bd6 25. Kc2 Bxe5 26. Rae1 Re7 27. dxe5+ Rxe5 28. Rxe5 Kxe5 29. Re1+ Kd6 30. Qe2 Rh7 31. Qe5+ Kd7 32. Qe6+ 1/2-1/2

[Event "Jirasek Memorial op-B"]
[Site "Rakovnik"]
[Date "2009.08.08"]
[Round "1"]
[White "Palkova, Nikola"]
[Black "Rozsafny, Michal"]
[Result "1/2-1/2"]
[WhiteElo "1714"]
[BlackElo "1743"]
[PlyCount "50"]
[EventDate "2009.08.08"]
[EventType "swiss"]
[EventRounds "9"]
[EventCountry "CZE"]
[SourceTitle "EXT 2010"]
[Source "ChessBase"]
[SourceDate "2010.11.25"]
[SourceVersion "1"]
[SourceVersionDate "2010.11.25"]
[SourceQuality "1"]

1. d4 d5 2. Nf3 Nf6 3. Bf4 Bf5 4. e3 c6 5. c4 e6 6. Nc3 Bd6 7. Bxd6 Qxd6 8. Be2 0-0 9. 0-0 Nbd7 10. Nh4 Bg6 11. Nxg6 hxg6 12. c5 Qc7 13. b4 e5 14. a3 Rae8 15. Bf3 e4 16. Be2 Nh7 17. b5 f5 18. Qd2 Nhf6 19. Rab1 Rb8 20. Na4 Kf7 21. b6 axb6 22. Nxb6 Rh8 23. g3 g5 24. Rfe1 Rh7 25. Kg2 Rbh8 1/2-1/2